Zgadnij youtubera po najpopularniejszym filmiku v2 - Statystyki

Ogólne statystyki
  • Ten quiz został rozwiązany 58 razy
  • Średni wynik to 4 z 40
Statystyki odpowiedzi
TYTUŁ FILMU LICZBA WYŚWIETLEŃ YOUTUBER % Poprawnych
LEKCJA MATEMATYKI oczami NAUCZYCIELA 7 639 325 WAKSY
52%
____ - DZIĘKI 7 396 997 GENZIE
46%
kruci gang 7 834 443 Klocuch
44%
FIFA 16 - MÓJ NAJLEPSZY DRAFT 2 711 578 PLKD
42%
NAJGORSZE Eksperymenty na Ludziach 1 399 539 Kolega Ignacy
31%
NAJGORSZE SYTUACJE NA GRILLU 83 436 603 wip bros
27%
Ramos, główka, brama - to hobby tego pana PIOSENKA 7 730 222 Footroll
19%
Polowanie na Hitlera. 4 232 135 Historia bez cenzury
17%
12 NAJLEPSZYCH PODTEKSTÓW W KRESKÓWKACH! 2 442 238 Cyprian
15%
NAJGŁUPSZY YOUTUBER z MILIONEM WIDZÓW nie wie o czym mówi 5 915 668 GargamelVlog
15%
BEST OF MARSON 2 156 994 Pokój Wytrzeźwień
13%
Zatrzymać złoty pociąg w GTA V! Desperackie próby i najlepsze faile 2 964 139 tvgry
13%
Co się znajduje POD POWIERZCHNIĄ POLSKI? 3 528 343 Globalista
10%
PRAWDZIWE OBLICZE LEKSIA 1 737 250 Konopskyy
10%
DZIENNIKARSKIE ZERO (WYDANIE SPECJALNE): NAJMAN, SŁOWIK I PRUSZKÓW. WYP***!!! 3 657 720 Kanał Sportowy
8%
TRUDNE SPRAWY Z GRUBYMI LUDŹMI?! 1 568 794 Lakarnum
8%
Minecraft, ale Dodaliśmy Nowe Enchanty... 3 584 727 TobiaszGaming
8%
Wojny Dzików #1: Robert Burneika vs Owca 4 367 847 WarszawskiKoks
8%
GTA 5 - Tajemnice i Ciekawostki 16: UFO i Kosmici (także w GTA SA) 2 870 591 wiliextreme
8%
DESPACITO FIDGET SPINNER PARODIA PO POLSKU 5 162 819 yachuprodukcja
8%
udajemy że jesteśmy debilami 2 114 889 Requer
6%
SPRAWDZAM NAJGORSZE SZTUCZKI z INTERNETU! 2 909 483 DisStream
4%
ZOSTAŁAM DZIEWCZYNĄ STUU NA 24H! 4 672 597 Lexy Chaplin
4%
9 LATEK WALCZY O V-DOLCE 1 KILL = 1000 V-DOLCÓW 2 015 881 Rafa
4%
Krótki film o prawdzie i fałszu 8 636 529 SciFun
4%
TAŃCE SKUBAŃCE - Just Dance 4 - Ekipa Terefere 4 725 327 skkf
4%
ILE PALIWA NALEWAJĄ DYSTRYBUTORY BP, LOTOS, ORLEN, SHELL? 3 850 179 Sprawdzam Jak
4%
MINECRAFT + SKYRIM + HARRY POTTER + POKEMON + CALL OF DUTY + NYAN CAT + LOTR = GARRY'S MOD #1 13 156 583 Flothar
2%
EXTREMALNY WATER SLIDE DO JEZIORA / ____ Z EKIPA *GROŹNE WYPADKI !!!* 2 635 853 Luure
2%
Streszczenia lektur - "Lalka" 3 667 371 mietczynski
2%
Historia Wojciech Szczęsny - przez decyzję OJCA musiał CIERPIEĆ z rodziną... 1 114 470 Ostatni Gwizdek
2%
Reakcje ludzi na Rower w kształcie Mercedesa SLS 6 334 183 yellowbox
2%
To będzie bardzo smutny film… 585 296 Aferki
0%
Putin, Łukaszenko besztają urzędników. Styl rządzenia na wschodzie 5 542 717 ciekawehistorie
0%
CO ZASZŁO W FREDBEAR'S FAMILY DINER? | Teoria "Five Nights at Freddy's" 3 587 500 Eleven
0%
Kurczak pierdolony 2 830 080 The Food Emperor
0%
GTA V [#1] - Los Santos po raz pierwszy! 1 136 649 Tivolt
0%
SPĘDZIŁEM DZIEŃ W DOMU DZIEWCZYNY & NIE WIEDZIAŁA O TYM. 1 772 009 vNARF
0%
TROLLUJE CHEATAMI STREAMERKI w AMONG US! 1 421 310 YoshishitoMayoshe
0%
____ DZIEŃ BEZ SŁOWA NA K 2 106 441 YOUNG MULTI LIVE
0%
Nie znaleziono quizów pasujących do podanych kryteriów
Rozkład punktacji
Procent ludzi z każdym wynikiem
Percentyl według liczby udzielonych odpowiedzi
Twoja historia wyników
Nie rozwiązałeś tego quizu